000 00555nam a2200181 i 4500
001 bg
100 1 _aFIACCO, Anthony V.
245 1 0 _aNonlinear Programming:
_bSequential Unconstrainel Minimization Techniques /
_cAnthony V. Fiacco, Garth P. M[a]cCormick.
260 _aNew York :
_bJohn Wiley and Sons,
_c1968.
300 _aXIV, 210 s. :
_brys., tab.
504 _aBibliogr. s. 196-201.
700 1 _aMacCORMICK, Garth P.
040 _cBPK
041 _apol
080 _a65.012:519.853
942 _cKS
008 s pl f |000 0 pol
999 _c27793
_d27793
856 _uhttp://koha.tu.koszalin.pl/cgi-bin/koha/opac-detail.pl?biblionumber=27793
_yKatalog online BPK